00786nam a2200229Ia 4500001000600000003000900006008004100015040001300056040001300069041001300082100001800095100002900113245011900142245008800261250001100349260001100360260001800371260004900389300005900438650002800497650003100525G6499IT-RoPAU130308s9999 xx 000 0 und d aIT-RoPAU cIT-RoPAU aITALIANO aScotto Adolfo gCodice Aut. SPICS: 55369 aIdentità€ proletaria e nuovi modelli femminili nel romanzo comunista degli anni cinquanta: il caso di Teresa Noce bEditori e Lettori. La Produzione libraria in Italia nella Prima Meta' del Novecento a1a ed. aMILANO bAngeli Franco c2000 [1° Ed.:2000 - Ed.Ling.Originale:2000] a"12 p. (prefazione: no ; testo: 12 [pagine: 343-354])" aINDUSTRIA DELL'EDITORIA eCodice materia Spics: 6606